Central Library OPAC University of Rajshahi

The biology of schizophrenia / (Record no. 12618)

MARC details
000 -LEADER
fixed length control field 00858cam a22002651 4500
001 - CONTROL NUMBER
control field 12618
003 - CONTROL NUMBER IDENTIFIER
rucl marc code BD-RjUL
005 - DATE AND TIME OF LATEST TRANSACTION
control field 20211208235327.0
008 - FIXED-LENGTH DATA ELEMENTS--GENERAL INFORMATION
fixed length control field 140129s1946 nyu b 001 0 eng
035 ## - SYSTEM CONTROL NUMBER
System control number (BD-RjUL)12667
System control number (OCoLC)346648
040 ## - CATALOGING SOURCE
Original cataloging agency U.S. Army Medical Libr
Transcribing agency OMC
Modifying agency OClW-H
-- DLC
-- BD-RjUL
Language of cataloging eng
041 ## - LANGUAGE CODE
Language code of text/sound track or separate title eng
082 ## - DEWEY DECIMAL CLASSIFICATION NUMBER
Classification number 616.8982
Author mark and year HOB 1946
100 1# - MAIN ENTRY--PERSONAL NAME
Personal name Hoskins, R. G.
Fuller form of name (Roy Graham),
Dates associated with a name 1880-
9 (RLIN) 39307
245 14 - TITLE STATEMENT
Title The biology of schizophrenia /
Statement of responsibility, etc. by R. G. Hoskins.
260 ## - PUBLICATION, DISTRIBUTION, ETC. (IMPRINT)
Place of publication, distribution, etc. New York ;
-- London :
Name of publisher, distributor, etc. W. W. Norton & Company, inc. ;
-- Chapman & Hall Ltd.,
Date of publication, distribution, etc. 1946.
300 ## - PHYSICAL DESCRIPTION
Pagination 191, [1] p. ;
Size 21 cm.
490 0# - SERIES STATEMENT
Series statement [New York Academy of Medicine. Thomas William Salmon memorial lectures]
500 ## - GENERAL NOTE
General note Includes index.
650 #0 - SUBJECT ADDED ENTRY--TOPICAL TERM
Topical term or geographic name as entry element Dementia.
9 (RLIN) 39308
942 ## - ADDED ENTRY ELEMENTS (KOHA)
Source of classification or shelving scheme Dewey Decimal Classification
Koha item type Books
Holdings
Lost status Source of classification or shelving scheme Damaged status Not for loan Collection code Permanent Location Current Location Shelving location Date acquired Source of acquisition Cost, normal purchase price Total Checkouts Full call number Date last seen Copy number Koha item type
  Dewey Decimal Classification   Not For Loan Non-fiction Central Library, University of Rajshahi Central Library, University of Rajshahi Reading Room 06/04/1956 ABC 12.30   616.8982 HOB 1946 29/01/2014 C-1 Books